000 00266nam a2200109Ia 4500
008 200302s9999 xx 000 0 und d
100 _aPhilip Jodidio
245 _a100 Contemporary Architects A-I
260 _bTaschen Verlag Gmbh
260 _c2008
300 _a407 P.,
999 _c2577
_d2577